Những nguyên lý của công tác tổ chức / P. M. Kéc-gien-txép.

Kaydedildi:
Detaylı Bibliyografya
Yazar: Kéc-gien-txép, P. M. (Pla-tôn Mi-khai-lô-vích), 1881-1940
Materyal Türü: Kitap
Dil:Vietnamese
Baskı/Yayın Bilgisi: Thanh niên 1999
Etiketler: Etiketle
Etiket eklenmemiş, İlk siz ekleyin!
Thư viện lưu trữ: Mạng thư viện Đại học Đà Nẵng
LEADER 00748nam a2200253 4500
001 000020704
003 17151
005 20150325140318.0
008 150325s1999 viesd
020 |c 20000 
041 0 |a vie 
082 1 4 |a 352  |b KE-P 
100 1 |a Kéc-gien-txép, P. M. (Pla-tôn Mi-khai-lô-vích), 1881-1940 
245 1 0 |a Những nguyên lý của công tác tổ chức / P. M. Kéc-gien-txép.  |c Kéc-gien-txép, P. M. (Pla-tôn Mi-khai-lô-vích), 1881-1940 
260 |b Thanh niên  |c 1999 
300 |a tr.  |c cm. 
OWN |a LSP 
999 |a From the UDN01 
TYP |a Monograph 
TYP |a Printed language 
980 |a Mạng thư viện Đại học Đà Nẵng